000 01291nam a22002177a 4500
999 _c1516
_d1516
003 AR-CdUCM
008 190227b ||||| |||| 00| 0 spa d
040 _aMUNICIPALIDAD PROVINCIAL DEL CUSCO
_cBIBLIOTECA MUNICIPAL DEL CUSCO
082 _21ra.ed.
_a331.87 /
_bA38
110 _aLa Federacion Norteamericana de Trabajo (AFL); Congreso de Organizaciones Industriales
_95727
245 _aOrganizacion y Direccion de Sindicatos /
_cLa Federacion Norteamericana de Trabajo (AFL); Congreso de Organizaciones Industriales
260 _aArgentina - Peru:
_bEdiciones Marymar ,
_c1968.
300 _a162 paginas :
_c23.2 cm.
505 _a¿Son necesarios los Sindicatos? -- Un mundo de grandeza -- Responsabilidad de Funcionarios Locales -- Estructura de la CWA -- El consejo Directivo Local -- El Presidente de la Rama Local -- El Vicepresidente de Rama Local -- El secretario de Rama Local -- El Tesorero de Rama Local -- Delegado de Planta -- Procedimientos Parlamentarios -- Asuntos de Intereses Generales...
650 _aSindicalismo.
_95257
650 _aOrganizaciones Industriales.
_95728
650 _aProletariado.
_94333
710 _aLA FEDERACION NORTEAMERICANA DE TRABAJO (AFL); CONGRESO DE ORGANIZACIONES INTERNACIONALES
_95729
942 _2ddc
_cLIBROS
945 _artm
_d2019-02-27